[Event "CYCC U14"]
[Site "Regina CAN"]
[Date "2019.07.10"]
[Round "7.110"]
[White "Qiu, Andrew Yu"]
[Black "Lei, Yanyu"]
[Result "0-1"]
[WhiteElo "1454"]
[BlackElo "1574"]
[PlyCount "118"]
[EventDate "2019.07.07"]
[EventType "swiss"]
[EventRounds "7"]
[EventCountry "CAN"]

1. e4 c5 2. Nf3 d6 3. d4 cxd4 4. Nxd4 Nf6 5. Nc3 g6 6. Be3 Bg7 7. f3 O-O 8. Qd2
Nc6 9. Bc4 Nxd4 10. Bxd4 Qa5 11. O-O-O Bd7 12. g4 Rac8 13. Bb3 b5 14. h4 b4 15.
Nb1 Ba4 16. h5 Bxb3 17. axb3 Qc7 18. c4 a5 19. hxg6 fxg6 20. Bxf6 Bxf6 21. Qd5+
Kg7 22. f4 h6 23. Rh3 Qc5 24. Qd2 a4 25. Qh2 axb3 26. Nd2 Qd4 27. Rxb3 Rxc4+
28. Nxc4 Qxc4+ 29. Qc2 Rc8 30. Qxc4 Rxc4+ 31. Kb1 Rxe4 32. Rf3 Re2 33. Rb3 Re4
34. Rf3 Re2 35. Rb3 Re4 36. Rf3 Bd4 37. Kc2 Bc5 38. Kd3 Rd4+ 39. Ke2 Re4+ 40.
Kf1 g5 41. fxg5 Rxg4 42. gxh6+ Kxh6 43. Rh3+ Kg6 44. Rh1 e5 45. Ke1 Kf5 46. Rc1
Rg2 47. b3 e4 48. Ra1 Rb2 49. Kd1 Rxb3 50. Rh8 Rd3+ 51. Ke2 Ke5 52. Re8+ Kd4
53. Rd1 Rxd1 54. Kxd1 Kd3 55. Rd8 e3 56. Rb8 e2+ 57. Ke1 Be3 58. Re8 Bd2+ 59.
Kf2 e1=Q+ 0-1

[Event "CYCC U14"]
[Site "Regina CAN"]
[Date "2019.07.10"]
[Round "7.111"]
[White "Yang, Henry"]
[Black "Qiu, Peter Yong"]
[Result "0-1"]
[WhiteElo "1560"]
[BlackElo "1421"]
[PlyCount "84"]
[EventDate "2019.07.07"]
[EventType "swiss"]
[EventRounds "7"]
[EventCountry "CAN"]

1. d4 d5 2. c4 c6 3. Nc3 e6 4. Nf3 Nf6 5. Bg5 Nbd7 6. e3 h6 7. Bh4 g5 8. Bg3
Nh5 9. Bd3 Nxg3 10. hxg3 dxc4 11. Bxc4 g4 12. Nd2 h5 13. Qe2 Bb4 14. a3 Qa5 15.
Rc1 Be7 16. Bb3 Qg5 17. e4 b6 18. d5 cxd5 19. exd5 Nc5 20. Nce4 Ba6 21. Qxa6
Nxe4 22. Qd3 Qxd2+ 23. Qxd2 Nxd2 24. Kxd2 Bg5+ 25. Kd3 Bxc1 26. Rxc1 exd5 27.
Bxd5 Rd8 28. Ke4 O-O 29. Rc7 Rfe8+ 30. Kd4 Re2 31. Kd3 Re5 32. Rxa7 Rexd5+ 33.
Kc4 Rd2 34. b4 Rxf2 35. Kb5 Rxg2 36. Kxb6 Rxg3 37. Ra5 h4 38. Rh5 h3 39. a4 Rd2
40. a5 h2 41. a6 Rh3 42. a7 h1=Q 0-1

[Event "CYCC U14"]
[Site "Regina CAN"]
[Date "2019.07.10"]
[Round "7.112"]
[White "He, Jinglai"]
[Black "Roberts, Rajan"]
[Result "1/2-1/2"]
[WhiteElo "1233"]
[BlackElo "916"]
[PlyCount "52"]
[EventDate "2019.07.07"]
[EventType "swiss"]
[EventRounds "7"]
[EventCountry "CAN"]

1. e4 d6 2. d4 Nf6 3. Nc3 Nbd7 4. f4 e5 5. Nf3 exf4 6. Bxf4 Be7 7. Bd3 O-O 8.
O-O c5 9. e5 Ne8 10. Kh1 cxd4 11. exd6 Bxd6 12. Bxd6 Nxd6 13. Nxd4 Nf6 14. Qf3
Ng4 15. Rae1 Re8 16. Bb5 Rxe1 17. Rxe1 Nxb5 18. Ndxb5 Be6 19. Rxe6 fxe6 20.
Qxg4 Qf6 21. h3 Qe5 22. Nd4 Re8 23. Nf3 Qf6 24. Qa4 Ra8 25. Qd7 Qf7 26. Qd6 Re8
1/2-1/2

[Event "CYCC U14"]
[Site "Regina CAN"]
[Date "2019.07.10"]
[Round "7.113"]
[White "Yim, Justin"]
[Black "Taylor, Joey"]
[Result "1-0"]
[WhiteElo "931"]
[BlackElo "995"]
[PlyCount "55"]
[EventDate "2019.07.07"]
[EventType "swiss"]
[EventRounds "7"]
[EventCountry "CAN"]

1. e4 e5 2. Nf3 Nf6 3. Nxe5 d6 4. Nf3 c6 5. Nc3 Ng4 6. h3 Nf6 7. d4 d5 8. e5
Ne4 9. Bd3 Qb6 10. Nxe4 dxe4 11. Bxe4 c5 12. dxc5 Bxc5 13. O-O O-O 14. Rb1 Nd7
15. b4 Bxb4 16. c3 f6 17. Rxb4 Qa5 18. Bd5+ Kh8 19. e6 Qd8 20. exd7 Qxd7 21.
Ba3 Rd8 22. Rd4 h5 23. Be6 Qxe6 24. Rxd8+ Kh7 25. Qd3+ g6 26. Re1 Qxa2 27. Bc1
Qa1 28. Re7# 1-0

[Event "CYCC U14 w"]
[Site "Regina CAN"]
[Date "2019.07.07"]
[Round "1.61"]
[White "D'Souza, Carina"]
[Black "Tsukerman, Julia"]
[Result "0-1"]
[WhiteElo "1247"]
[BlackElo "1781"]
[PlyCount "102"]
[EventDate "2019.07.07"]
[EventType "swiss"]
[EventRounds "7"]
[EventCountry "CAN"]

1. e4 c5 2. Nf3 d6 3. d4 cxd4 4. Nxd4 Nf6 5. Nc3 a6 6. Bg5 e6 7. f4 Be7 8. Qf3
Qc7 9. O-O-O Nbd7 10. g4 b5 11. Bxf6 Nxf6 12. Bg2 Bb7 13. f5 e5 14. Nde2 Rc8
15. Rd2 b4 16. Nd5 Nxd5 17. exd5 Bg5 18. Qd3 Qc4 19. Qxc4 Rxc4 20. h3 Kd7 21.
b3 Rc5 22. Rhd1 Bxd5 23. Bf1 Rhc8 24. Kb2 Bxd2 25. Rxd2 Be4 26. Ng3 Rxc2+ 27.
Rxc2 Rxc2+ 28. Kb1 Rf2+ 29. Kc1 Bg2 30. Bxg2 Rxg2 31. Nh5 Rxa2 32. Nxg7 Rh2 33.
Nh5 Ke7 34. Kd1 Rxh3 35. Kc2 Rxh5 36. gxh5 Kf6 37. Kd3 Kxf5 38. Ke3 d5 39. Kf3
d4 40. Ke2 e4 41. Kd2 Kf4 42. Ke2 d3+ 43. Kd2 e3+ 44. Kd1 Kf3 45. h6 d2 46. Kc2
Ke2 47. Kb2 d1=Q 48. Ka2 Qd2+ 49. Kb1 Kd3 50. Ka1 e2 51. Kb1 e1=Q# 0-1

[Event "CYCC U14 w"]
[Site "Regina CAN"]
[Date "2019.07.07"]
[Round "1.62"]
[White "Gilani, Mysha"]
[Black "Bilodeau-Savaria, Sandy Rose"]
[Result "1-0"]
[WhiteElo "1761"]
[BlackElo "1150"]
[PlyCount "73"]
[EventDate "2019.07.07"]
[EventType "swiss"]
[EventRounds "7"]
[EventCountry "CAN"]

1. d4 d5 2. c4 e6 3. Nc3 Nf6 4. cxd5 exd5 5. Bg5 Be7 6. e3 c6 7. Bd3 O-O 8. Qc2
Nbd7 9. Nge2 h6 10. Bh4 Re8 11. O-O b6 12. a3 a5 13. Bg3 Bb7 14. Rac1 a4 15.
Nxa4 c5 16. Nac3 c4 17. Bf5 Bc6 18. f3 g6 19. Bxg6 Bf8 20. Bf5 Bg7 21. e4 dxe4
22. fxe4 Nf8 23. d5 Bb7 24. Nb5 Bxd5 25. exd5 Nxd5 26. Bf2 Ra5 27. Qxc4 Ne3 28.
Bxe3 Rxe3 29. Rcd1 Qe7 30. Rde1 Re5 31. Nbd4 Rec5 32. Qd3 Rd5 33. Be4 Re5 34.
Ng3 Qc5 35. Kh1 Qd6 36. Ngf5 Qf6 37. Nc6 1-0

[Event "CYCC U14 w"]
[Site "Regina CAN"]
[Date "2019.07.07"]
[Round "1.63"]
[White "Xie, Cathy"]
[Black "Myrzaibraimova, Aibike"]
[Result "0-1"]
[WhiteElo "1107"]
[BlackElo "1581"]
[PlyCount "94"]
[EventDate "2019.07.07"]
[EventType "swiss"]
[EventRounds "7"]
[EventCountry "CAN"]

1. e4 e6 2. d4 d5 3. Nc3 Nf6 4. Bg5 Be7 5. e5 Nfd7 6. Bxe7 Qxe7 7. Nf3 a6 8.
Bd3 c5 9. Be2 Nc6 10. dxc5 Qxc5 11. Na4 Qb4+ 12. c3 Qe4 13. c4 Ncxe5 14. Nxe5
Nxe5 15. f3 Qh4+ 16. g3 Qd8 17. cxd5 Qxd5 18. Qxd5 exd5 19. Rd1 Be6 20. Nc3 Rd8
21. f4 Nc6 22. Bf3 Ne7 23. Kd2 O-O 24. Ke3 d4+ 25. Rxd4 Nf5+ 26. Kf2 Rxd4 27.
g4 Nd6 28. f5 Bc8 29. Ke3 Rb4 30. b3 Nb5 31. Nxb5 Rxb5 32. Be2 Re8+ 33. Kf3 Rc5
34. Re1 b5 35. Kf2 Rc2 36. a4 bxa4 37. bxa4 g6 38. fxg6 Bxg4 39. gxf7+ Kxf7 40.
Kf1 Bxe2+ 41. Kf2 Bh5+ 42. Kf1 Rxe1+ 43. Kxe1 Ke6 44. a5 Ke5 45. Kf1 Kf4 46.
Kg1 Kf3 47. Kf1 Rc1# 0-1

[Event "CYCC U14 w"]
[Site "Regina CAN"]
[Date "2019.07.07"]
[Round "1.64"]
[White "Lin, Alle"]
[Black "Gauthier, Annie"]
[Result "1-0"]
[WhiteElo "1498"]
[BlackElo "1007"]
[PlyCount "63"]
[EventDate "2019.07.07"]
[EventType "swiss"]
[EventRounds "7"]
[EventCountry "CAN"]

1. d4 c6 2. c4 f6 3. Nf3 d5 4. Nc3 e6 5. e3 Bb4 6. Qc2 Qb6 7. Bd3 g6 8. O-O
Bxc3 9. Qxc3 c5 10. cxd5 Na6 11. Re1 exd5 12. e4 Ne7 13. exd5 Kd8 14. Bc4 Bg4
15. Bf4 Nf5 16. dxc5 Nxc5 17. d6 Rf8 18. b3 Qc6 19. Nd4 Qb6 20. Ne6+ Nxe6 21.
Rxe6 a6 22. Rxf6 Re8 23. Bg5 Nxd6 24. Rxd6+ Kc7 25. Rxb6 Kxb6 26. Be3+ Kc7 27.
Bf7+ Kd7 28. Bxe8+ Kxe8 29. Re1 Kd7 30. Qd4+ Kc6 31. Rc1+ Kb5 32. Qc4+ 1-0

[Event "CYCC U14 w"]
[Site "Regina CAN"]
[Date "2019.07.07"]
[Round "1.65"]
[White "Shan, Lyvia"]
[Black "Qian, Jessica"]
[Result "0-1"]
[WhiteElo "953"]
[BlackElo "1448"]
[PlyCount "144"]
[EventDate "2019.07.07"]
[EventType "swiss"]
[EventRounds "7"]
[EventCountry "CAN"]

1. e4 e5 2. d4 exd4 3. c3 dxc3 4. Bc4 Bd6 5. Nf3 Ne7 6. Ng5 c2 7. Qf3 Nf5 8.
Nxf7 Qf6 9. Nxh8 cxb1=Q 10. Rxb1 Nh6 11. Qh5+ Kf8 12. e5 Bxe5 13. Bg5 Qf5 14.
O-O d6 15. Qf3 Qxf3 16. gxf3 Nc6 17. f4 Bf6 18. Rfe1 Na5 19. Bd3 Bf5 20. Bxf5
Nxf5 21. Bxf6 gxf6 22. Re6 Kg7 23. Rbe1 Nc6 24. Re8 Rxe8 25. Rxe8 Nb4 26. Rb8
b6 27. a3 Nd3 28. b3 Nxf4 29. Rb7 Nd5 30. Rxa7 Kxh8 31. b4 Kg7 32. b5 Kf7 33.
a4 Nd4 34. Ra8 Ne2+ 35. Kf1 Nec3 36. a5 bxa5 37. Rxa5 Ke6 38. Ke1 Ke5 39. f3
Kd4 40. Ra8 Nxb5 41. Rh8 c5 42. Kd2 c4 43. h4 c3+ 44. Kc2 Ne3+ 45. Kc1 c2 46.
Rxh7 Nc3 47. Rc7 Na2+ 48. Kd2 c1=Q+ 49. Rxc1 Nxc1 50. Kxc1 Nf5 51. h5 Ke3 52.
Kc2 d5 53. f4 d4 54. Kd1 Kxf4 55. Kd2 Kg5 56. h6 Kxh6 57. Kd3 Kg5 58. Ke4 Kg4
59. Kd3 Kf4 60. Kd2 Ke4 61. Ke2 Ng3+ 62. Kd2 f5 63. Kc1 Ke3 64. Kd1 d3 65. Ke1
d2+ 66. Kd1 Ne4 67. Kc2 Ke2 68. Kb2 d1=Q 69. Ka3 Qb1 70. Ka4 Nc3+ 71. Ka3 Nd5
72. Ka4 Qb4# 0-1

[Event "CYCC U14 w"]
[Site "Regina CAN"]
[Date "2019.07.07"]
[Round "1.66"]
[White "Wu, Ingrid"]
[Black "Johnson, Katelyn"]
[Result "1-0"]
[WhiteElo "1318"]
[BlackElo "526"]
[PlyCount "49"]
[EventDate "2019.07.07"]
[EventType "swiss"]
[EventRounds "7"]
[EventCountry "CAN"]

1. e4 e5 2. Nf3 Nc6 3. Bc4 Bc5 4. c3 Nf6 5. d4 Bd6 6. Bg5 h6 7. Bh4 O-O 8. Nbd2
a6 9. a4 Na5 10. dxe5 Nxc4 11. Nxc4 Nxe4 12. Bxd8 Rxd8 13. exd6 cxd6 14. O-O a5
15. Nxd6 Nf6 16. Re1 b6 17. Qb3 Rf8 18. Re7 Ba6 19. Nxf7 Bb7 20. Nd6+ Bd5 21.
c4 Be4 22. Nxe4 Nh7 23. c5+ Rf7 24. Qxf7+ Kh8 25. Qxg7# 1-0

[Event "CYCC U14 w"]
[Site "Regina CAN"]
[Date "2019.07.07"]
[Round "2.61"]
[White "Tsukerman, Julia"]
[Black "Lin, Alle"]
[Result "1-0"]
[WhiteElo "1781"]
[BlackElo "1498"]
[PlyCount "119"]
[EventDate "2019.07.07"]
[EventType "swiss"]
[EventRounds "7"]
[EventCountry "CAN"]

1. e4 c6 2. d4 d5 3. exd5 cxd5 4. Bd3 Qc7 5. h3 e6 6. Nf3 Bd6 7. O-O b6 8. Re1
Ba6 9. Bxa6 Nxa6 10. Qe2 Nb4 11. c3 Nc6 12. Ne5 Nge7 13. Nd2 Bxe5 14. dxe5 O-O
15. f4 f6 16. exf6 Rxf6 17. Nf3 Re8 18. Qd3 Ng6 19. f5 Nge5 20. Nxe5 Nxe5 21.
Qg3 exf5 22. Bf4 Rfe6 23. Re3 Qc5 24. b4 Qd6 25. Rae1 Rg6 26. Qh4 Qf6 27. Qf2
Qc6 28. Rxe5 Rd8 29. Bd2 Rf8 30. Qd4 Rd6 31. Re7 Rf7 32. Bf4 Rxe7 33. Rxe7 Rg6
34. Re5 Re6 35. Qxd5 Qxd5 36. Rxd5 Re2 37. Rd2 Rxd2 38. Bxd2 Kf7 39. Kf2 Ke6
40. Ke3 Ke5 41. g3 g6 42. c4 a6 43. c5 Kd5 44. cxb6 Kc6 45. Kd4 Kxb6 46. a4 Kc6
47. Kc4 Kb6 48. b5 axb5+ 49. axb5 Kb7 50. Kc5 Kc7 51. b6+ Kb7 52. g4 fxg4 53.
hxg4 h5 54. gxh5 gxh5 55. Bg5 h4 56. Bxh4 Ka8 57. Kc6 Kb8 58. b7 Ka7 59. Bg3
Ka6 60. b8=Q 1-0

[Event "CYCC U14 w"]
[Site "Regina CAN"]
[Date "2019.07.07"]
[Round "2.62"]
[White "Qian, Jessica"]
[Black "Gilani, Mysha"]
[Result "1-0"]
[WhiteElo "1448"]
[BlackElo "1740"]
[PlyCount "69"]
[EventDate "2019.07.07"]
[EventType "swiss"]
[EventRounds "7"]
[EventCountry "CAN"]

1. e4 e5 2. Nf3 Nc6 3. Bc4 Bc5 4. c3 Nf6 5. d4 exd4 6. cxd4 Bb4+ 7. Bd2 Bxd2+
8. Nbxd2 d5 9. exd5 Nxd5 10. Qb3 Na5 11. Qa4+ c6 12. Bxd5 Qxd5 13. O-O O-O 14.
Rfe1 f6 15. Rac1 b6 16. b4 Nb7 17. Qxc6 Qf7 18. Qc7 Qg6 19. Re7 Nd8 20. d5 Nf7
21. Ne4 f5 22. Rc6 Qh5 23. Nd6 Ba6 24. h3 Bd3 25. Nd4 Be4 26. Ne6 Bxd5 27. Nxf8
Rxf8 28. Nxf7 Bxc6 29. Ne5 Bd5 30. Rxg7+ Kh8 31. Qe7 Rc8 32. Nd7 Qh6 33. Rg5
Bxa2 34. Qe5+ Qg7 35. Qxg7# 1-0

[Event "CYCC U14 w"]
[Site "Regina CAN"]
[Date "2019.07.07"]
[Round "2.63"]
[White "Myrzaibraimova, Aibike"]
[Black "Wu, Ingrid"]
[Result "1-0"]
[WhiteElo "1318"]
[BlackElo "1581"]
[PlyCount "55"]
[EventDate "2019.07.07"]
[EventType "swiss"]
[EventRounds "7"]
[EventCountry "CAN"]

1. e4 c5 2. Nf3 d6 3. d4 cxd4 4. Nxd4 Nf6 5. Nc3 a6 6. Bc4 e6 7. Be3 b5 8. Bb3
Bb7 9. Qd3 b4 10. Nb1 Bxe4 11. Qf1 Nbd7 12. f3 Bb7 13. Qc4 d5 14. Qe2 Be7 15.
c3 bxc3 16. Nxc3 Rc8 17. f4 Nc5 18. Bc2 Qc7 19. O-O Bd6 20. Bd2 O-O 21. Qf2
Rfe8 22. Qg3 e5 23. Nf5 Bf8 24. fxe5 Qxe5 25. Nh6+ Kh8 26. Nxf7+ Kg8 27. Nxe5
Bd6 28. Bf4 1-0

[Event "CYCC U14 w"]
[Site "Regina CAN"]
[Date "2019.07.07"]
[Round "2.64"]
[White "Gauthier, Annie"]
[Black "D'Souza, Carina"]
[Result "0-1"]
[WhiteElo "1007"]
[BlackElo "1247"]
[PlyCount "114"]
[EventDate "2019.07.07"]
[EventType "swiss"]
[EventRounds "7"]
[EventCountry "CAN"]

1. f3 e5 2. c3 Nc6 3. d4 Nf6 4. e4 exd4 5. cxd4 d5 6. Nc3 dxe4 7. fxe4 Qxd4 8.
Qxd4 Nxd4 9. Bd3 Bb4 10. Be3 c5 11. e5 Nd5 12. Kf2 Nxc3 13. bxc3 Bxc3 14. Rc1
Bb4 15. Bxd4 cxd4 16. Rd1 O-O 17. Nf3 Bg4 18. Bc4 Bxf3 19. gxf3 Rfe8 20. f4 a6
21. Kf3 Bc3 22. Ke4 Kh8 23. Rd3 g6 24. h4 Kg7 25. f5 gxf5+ 26. Kxf5 Rec8 27.
Rg1+ Kh8 28. Bb3 Rc5 29. Rdg3 Rc6 30. Bd5 Rb6 31. h5 h6 32. a4 Bd2 33. Rg4 Be3
34. R4g2 Rb4 35. a5 Bg5 36. Rg3 Rb5 37. Ba2 Rxa5 38. Bb3 Re8 39. Ke4 Raxe5+ 40.
Kxd4 Rb5 41. Bc2 f5 42. Bxf5 Rxf5 43. Rb3 Ra5 44. Rxb7 Ra4+ 45. Kc5 Rf4 46. Kd6
a5 47. Kd7 Re7+ 48. Kd6 Rxb7 49. Kc6 Rfb4 50. Kc5 Be3+ 51. Kd5 R7b5+ 52. Kc6
Rf5 53. Kd6 Rb6+ 54. Ke7 Bc5+ 55. Kd7 Rf7+ 56. Ke8 Rg7 57. Kd8 Rb8# 0-1

[Event "CYCC U14 w"]
[Site "Regina CAN"]
[Date "2019.07.07"]
[Round "2.65"]
[White "Bilodeau-Savaria, Sandy Rose"]
[Black "Shan, Lyvia"]
[Result "1-0"]
[WhiteElo "1150"]
[BlackElo "953"]
[PlyCount "155"]
[EventDate "2019.07.07"]
[EventType "swiss"]
[EventRounds "7"]
[EventCountry "CAN"]

1. d4 d5 2. c4 e6 3. Nf3 Nf6 4. Nc3 Nbd7 5. Bg5 Nb6 6. e3 Be7 7. c5 Nbd7 8. Bd3
h6 9. Bh4 O-O 10. O-O c6 11. Qc2 b6 12. b4 Re8 13. Rfe1 Nf8 14. a4 a6 15. Ne5
Qc7 16. Bg3 Qb7 17. e4 Nh5 18. exd5 exd5 19. Ne2 Nxg3 20. Nxg3 Qc7 21. cxb6
Qxb6 22. Nxc6 Be6 23. Nxe7+ Rxe7 24. Qc5 Qb7 25. Rac1 Ree8 26. b5 a5 27. Qc7
Qxc7 28. Rxc7 Reb8 29. Rec1 g6 30. Kf1 Nh7 31. R1c6 Rc8 32. Rxc8+ Bxc8 33. Ne2
Bb7 34. Rd6 Rc8 35. Nf4 Rc3 36. Ke2 Ra3 37. Bc2 Ng5 38. Nxd5 Ra2 39. Rd8+ Kg7
40. Kd3 Ne6 41. Rd7 Bxd5 42. Rxd5 Nf4+ 43. Ke4 Nxd5 44. Kxd5 Rxc2 45. b6 Rc8
46. Kd6 Kf6 47. b7 Rd8+ 48. Kc7 Re8 49. b8=Q Rxb8 50. Kxb8 Ke6 51. Kb7 Kd5 52.
Kb6 Kxd4 53. Kxa5 Kc5 54. Ka6 Kc6 55. h4 f5 56. f4 Kc7 57. Kb5 Kb7 58. Kc5 Ka6
59. Kd5 Ka5 60. Ke6 Kxa4 61. Kf6 Kb4 62. Kxg6 Kc4 63. Kxf5 Kd5 64. g4 Kd6 65.
Kf6 Kd7 66. Kf7 Kd6 67. g5 hxg5 68. hxg5 Kd5 69. g6 Ke4 70. g7 Kxf4 71. g8=Q
Ke4 72. Kf6 Kd3 73. Ke5 Ke3 74. Qc4 Kf2 75. Ke4 Kg1 76. Kf3 Kh1 77. Qf1+ Kh2
78. Qg2# 1-0

[Event "CYCC U14 w"]
[Site "Regina CAN"]
[Date "2019.07.07"]
[Round "2.66"]
[White "Johnson, Katelyn"]
[Black "Xie, Cathy"]
[Result "0-1"]
[WhiteElo "526"]
[BlackElo "1107"]
[PlyCount "132"]
[EventDate "2019.07.07"]
[EventType "swiss"]
[EventRounds "7"]
[EventCountry "CAN"]

1. e4 c6 2. Nc3 d5 3. d3 d4 4. Nce2 e5 5. Nf3 Bd6 6. g3 Nf6 7. b3 Bg4 8. Bg2
Nbd7 9. a4 Qa5+ 10. Bd2 Bb4 11. O-O Bxf3 12. Bxb4 Qxb4 13. Bxf3 O-O 14. Bg2
Rfe8 15. Bh3 Rad8 16. Qc1 Qe7 17. Kh1 a6 18. Ng1 b5 19. axb5 axb5 20. c4 dxc3
21. Qxc3 Nc5 22. Rfd1 Qd6 23. Bf1 Ng4 24. Kg2 Qf6 25. Ra2 Qd6 26. Nh3 Qd4 27.
Qc2 f5 28. exf5 Qd5+ 29. Kg1 Nxb3 30. Bg2 Qf7 31. Bxc6 Re7 32. Be4 Nd4 33. Qb2
Qh5 34. Bg2 Qxf5 35. Rf1 Qxd3 36. Raa1 Qb3 37. Qxb3+ Nxb3 38. Ra3 Nd4 39. Kh1
Rb8 40. Ra2 b4 41. Rb2 e4 42. Re1 e3 43. fxe3 Rxe3 44. Rxe3 Nxe3 45. Be4 Nc4
46. Bd5+ Kf8 47. Bxc4 Ke7 48. Rb1 b3 49. Re1+ Kd6 50. Rd1 Kc5 51. Bd3 Nc2 52.
Bxc2 bxc2 53. Rc1 Rb1 54. Rg1 Rxg1+ 55. Nxg1 c1=Q 56. h4 Kd5 57. Kh2 Ke4 58. g4
Qf4+ 59. Kh1 Qxg4 60. Kh2 Qxh4+ 61. Nh3 g5 62. Kg2 Ke3 63. Kh2 g4 64. Kg1 Qg3+
65. Kf1 Qxh3+ 66. Ke1 Qh1# 0-1

[Event "CYCC U14 w"]
[Site "Regina CAN"]
[Date "2019.07.08"]
[Round "3.61"]
[White "Myrzaibraimova, Aibike"]
[Black "Tsukerman, Julia"]
[Result "0-1"]
[WhiteElo "1581"]
[BlackElo "1781"]
[PlyCount "58"]
[EventDate "2019.07.07"]
[EventType "swiss"]
[EventRounds "7"]
[EventCountry "CAN"]

1. e4 c5 2. Nf3 d6 3. d4 cxd4 4. Nxd4 Nf6 5. Nc3 a6 6. Bc4 e6 7. Bg5 Be7 8. Qe2
Qc7 9. Bb3 O-O 10. f4 h6 11. Bxf6 Bxf6 12. O-O-O Bd7 13. g4 Nc6 14. Nxc6 Bxc6
15. Qd3 Rfd8 16. Rhg1 Qe7 17. Nb1 g6 18. Nd2 b5 19. Nf3 Bg7 20. g5 h5 21. Nh4
d5 22. exd5 Bxd5 23. Bxd5 Rxd5 24. Qf3 Rad8 25. Rde1 Qb4 26. c3 Bxc3 27. bxc3
Qa3+ 28. Kb1 Rd2 29. h3 Qb2# 0-1

[Event "CYCC U14 w"]
[Site "Regina CAN"]
[Date "2019.07.08"]
[Round "3.62"]
[White "Lin, Alle"]
[Black "Qian, Jessica"]
[Result "0-1"]
[WhiteElo "1498"]
[BlackElo "1448"]
[PlyCount "124"]
[EventDate "2019.07.07"]
[EventType "swiss"]
[EventRounds "7"]
[EventCountry "CAN"]

1. d4 d5 2. c4 c6 3. Nc3 Nf6 4. cxd5 cxd5 5. Nf3 Nc6 6. Bf4 Qb6 7. Na4 Qa5+ 8.
Bd2 Qc7 9. e3 a6 10. h3 Bf5 11. Rc1 e6 12. Ne5 Bd6 13. Nxc6 bxc6 14. Nc5 Bxc5
15. Rxc5 Ne4 16. Rc1 O-O 17. Bb4 Rfc8 18. Bd3 Qb6 19. Ba3 Qa5+ 20. Ke2 h6 21.
Bxe4 Bxe4 22. f3 Qb5+ 23. Kf2 Bg6 24. Rc5 Qb6 25. Qa4 Bd3 26. Rc3 Bb5 27. Qc2
Qd8 28. Bc5 a5 29. a4 Ba6 30. g3 Rab8 31. Rc1 Qd7 32. h4 e5 33. dxe5 Qh3 34. f4
Rxb2 35. Bd4 Rxc2+ 36. R3xc2 Bd3 37. Rb2 Qh2+ 38. Ke1 Qxg3+ 39. Kd2 Bc4 40. h5
c5 41. Bc3 Qg2+ 42. Kd1 Qf1+ 43. Be1 Qd3+ 44. Bd2 Bb3+ 45. Ke1 c4 46. Rc3 Qf5
47. Rc1 Qxh5 48. Rxb3 Qh1+ 49. Ke2 Qxc1 50. Bxc1 cxb3 51. Kd2 h5 52. Ba3 h4 53.
Ke2 h3 54. Kf2 Rc2+ 55. Kg1 b2 56. Bxb2 Rxb2 57. Kh1 Kh7 58. Kg1 Kh6 59. Kh1
Kh5 60. f5 Kg4 61. e6 Kg3 62. Kg1 Rb1# 0-1

[Event "CYCC U14 w"]
[Site "Regina CAN"]
[Date "2019.07.08"]
[Round "3.63"]
[White "Gilani, Mysha"]
[Black "D'Souza, Carina"]
[Result "1-0"]
[WhiteElo "1761"]
[BlackElo "1247"]
[PlyCount "77"]
[EventDate "2019.07.07"]
[EventType "swiss"]
[EventRounds "7"]
[EventCountry "CAN"]

1. d4 Nf6 2. c4 g6 3. Nc3 Bg7 4. e4 d6 5. f4 O-O 6. Nf3 c5 7. d5 e6 8. Be3 exd5
9. cxd5 Nh5 10. Qb3 Re8 11. Bd3 b6 12. O-O Ba6 13. Bxa6 Nxa6 14. Qa4 Nc7 15.
Qc4 b5 16. Qd3 b4 17. Nd1 Qe7 18. Nf2 Bxb2 19. Rae1 Bc3 20. Bd2 Bxd2 21. Qxd2
Qd7 22. Rd1 Rad8 23. Rfe1 Ng7 24. h3 f5 25. e5 dxe5 26. d6 Nb5 27. fxe5 Ne6 28.
Ng5 Nxg5 29. Qxg5 Re6 30. g4 Nd4 31. Rxd4 cxd4 32. gxf5 Ree8 33. Ng4 Qxf5 34.
Nh6+ Kh8 35. Nxf5 gxf5 36. Qf6+ Kg8 37. Re2 Rd7 38. Rg2+ Rg7 39. Qxg7# 1-0

[Event "CYCC U14 w"]
[Site "Regina CAN"]
[Date "2019.07.08"]
[Round "3.64"]
[White "Wu, Ingrid"]
[Black "Bilodeau-Savaria, Sandy Rose"]
[Result "1/2-1/2"]
[WhiteElo "1307"]
[BlackElo "1150"]
[PlyCount "112"]
[EventDate "2019.07.07"]
[EventType "swiss"]
[EventRounds "7"]
[EventCountry "CAN"]

1. e4 c5 2. Nf3 e6 3. d4 cxd4 4. Nxd4 Nc6 5. Nc3 Qc7 6. Be3 a6 7. Qd2 Nf6 8. f3
Be7 9. g4 h6 10. h4 Nxd4 11. Bxd4 d6 12. O-O-O e5 13. Be3 Be6 14. Be2 Nd7 15.
Nd5 Bxd5 16. Qxd5 Rc8 17. Qd2 b5 18. Rdg1 Nc5 19. Bd3 Nxd3+ 20. Qxd3 Qc4 21.
Qxc4 Rxc4 22. Rd1 f6 23. Rd5 Kf7 24. Rh2 Rhc8 25. Kb1 Ke6 26. Rdd2 Bd8 27. Rd3
a5 28. Rhd2 R4c6 29. Rd5 Bb6 30. Bxb6 Rxb6 31. Kc1 a4 32. Kd1 Rd8 33. Ke2 g6
34. Ke3 Rc8 35. Rg2 Rc5 36. Rxc5 dxc5 37. Rd2 Rd6 38. Rxd6+ Kxd6 39. Kd3 Ke6
40. b3 a3 41. c4 b4 42. Ke3 f5 43. exf5+ gxf5 44. gxf5+ Kxf5 45. h5 Kg5 46. Ke4
Kxh5 47. Kxe5 Kg6 48. f4 h5 49. Ke6 Kg7 50. Ke7 Kg6 51. Ke6 Kg7 52. Kf5 Kh6 53.
Ke6 Kg7 54. Kf5 Kh6 55. Ke6 Kg7 56. Kf5 Kh6 1/2-1/2

[Event "CYCC U14 w"]
[Site "Regina CAN"]
[Date "2019.07.08"]
[Round "3.65"]
[White "Xie, Cathy"]
[Black "Gauthier, Annie"]
[Result "1-0"]
[WhiteElo "1107"]
[BlackElo "1007"]
[PlyCount "111"]
[EventDate "2019.07.07"]
[EventType "swiss"]
[EventRounds "7"]
[EventCountry "CAN"]

1. e4 c6 2. d4 f6 3. Nf3 d5 4. exd5 cxd5 5. Bd3 e5 6. dxe5 fxe5 7. Nxe5 Qe7 8.
Qe2 Be6 9. Bf4 Qb4+ 10. Nd2 Qxf4 11. Bb5+ Ke7 12. Bd3 Nh6 13. Bxh7 Kf6 14. Ng6
Qb4 15. Qe5+ Kf7 16. Nxh8+ Ke7 17. Ng6+ Kf7 18. Nxf8 Kxf8 19. Qxe6 Qxb2 20. O-O
Qd4 21. Rfe1 Nc6 22. Nf3 Qf6 23. Qxd5 Re8 24. Qc5+ Re7 25. Rxe7 Nxe7 26. Re1
Kf7 27. Ng5+ Kf8 28. Ne6+ Ke8 29. Nc7+ Kd7 30. Rd1+ Kc8 31. Ne8+ Qc6 32. Qxc6+
bxc6 33. Nd6+ Kc7 34. Ne8+ Kb6 35. Nxg7 Ng4 36. Nf5 Nd5 37. Bg8 Nc3 38. Rd3
Ne2+ 39. Kf1 Nc1 40. Rh3 a5 41. Ne3 Ne5 42. f4 Ng6 43. f5 Ne7 44. f6 Nxg8 45.
f7 Nf6 46. f8=Q Ne4 47. Qb8+ Kc5 48. Rh5+ Kd4 49. Qb6+ Kc3 50. Qxc6+ Kd4 51.
Qb6+ Kc3 52. Qxa5+ Kd4 53. Nf5+ Kc4 54. Rh4 Ne2 55. Rxe4+ Nd4 56. Rxd4# 1-0

[Event "CYCC U14 w"]
[Site "Regina CAN"]
[Date "2019.07.08"]
[Round "3.66"]
[White "Shan, Lyvia"]
[Black "Johnson, Katelyn"]
[Result "1-0"]
[WhiteElo "953"]
[BlackElo "526"]
[PlyCount "67"]
[EventDate "2019.07.07"]
[EventType "swiss"]
[EventRounds "7"]
[EventCountry "CAN"]

1. e4 e5 2. Nf3 Nc6 3. Bc4 Bc5 4. b4 b5 5. Bxb5 Bxb4 6. c3 Bc5 7. d4 Bd6 8.
Bxc6 dxc6 9. O-O Nf6 10. dxe5 O-O 11. exd6 Nxe4 12. dxc7 Qxc7 13. Re1 Bf5 14.
Nh4 Qa5 15. Ba3 Rfc8 16. Bb4 Qb5 17. Na3 Qd5 18. Qxd5 cxd5 19. Nxf5 Nf6 20. f3
a5 21. Ne7+ Kh8 22. Nxc8 axb4 23. cxb4 Rxc8 24. b5 g6 25. Rac1 Rd8 26. b6 Rb8
27. Rc6 Nd7 28. Rb1 Re8 29. b7 d4 30. Rc8 Rxc8 31. bxc8=Q+ Kg7 32. Qxd7 d3 33.
Qd4+ Kg8 34. Rb8# 1-0